000 00810cam a22002291 4500
001 gs 47000200
003 DLC
005 20260227111352.0
008 871006s1938 gw abf b 000 0 ger c
010 _ags 47000200
040 _aU.S. Geol. Survey. Libr./ICU
_cICU
_dDLC
050 0 0 _aQE33
_b.M6
100 1 _aMordziol, Carl,
_d1886-
245 1 0 _aEinführung in die wehrgeologie,
_cvon dr. Carl Mordziol ...
260 _aFrankfurt a. M.,
_bO. Salle,
_c1938.
300 _axiv, 102 p.
_billus. (incl. maps, profiles) plates, diagrs.
_c22 cm.
490 1 _aMathematisch-naturwissenschaftlich technischebücherei ...
_vbd. 32
504 _aBibliographical foot-notes.
650 0 _aMilitary geology.
740 0 _aWehrgeologie.
830 0 _aMathematisch-naturwissenschaftlich Technischebücherei ;
_vBd. 32.
999 _c28165
_d28165